Landen die starten met een E - Statistieken

Algemene statistieken
  • Deze quiz is 60 keer genomen
  • De gemiddelde score is 6 van 8
Antwoordstatistieken
Land % Correct
Estland
98%
Eritrea
95%
Ecuador
85%
Ethiopië
85%
eSwatini
71%
El Salvador
66%
Equatoriaal-Guinea
61%
Egypte
59%
Geen overeenkomende quizzen gevonden
Scoreverdeling
Procent van Mensen met Elke Score
Percentiel versus Aantal Correcte Antwoorden
Uw Scoregeschiedenis
U heeft deze quiz nog niet genomen